Normal view
MARC view
Entry Personal Name
001 - CONTROL NUMBER
- control field: 62380
003 - CONTROL NUMBER IDENTIFIER
- control field: OSt
005 - DATE AND TIME OF LATEST TRANSACTION
- control field: 20221117102602.0
008 - FIXED-LENGTH DATA ELEMENTS
- fixed length control field: 221117|| aca||aabn | a|a d
040 ## - CATALOGING SOURCE
- Original cataloging agency: OSt
- Transcribing agency: OSt
100 ## - HEADING--PERSONAL NAME
- Personal name: KOPPA (Jagadish N) ಕೊಪ್ಪ(ಎನ್ ಜಗದೀಶ್)
670 ## - SOURCE DATA FOUND
- Source citation: Work cat.: (OSt): N Jagadish Koppa ಎನ್ ಜಗದೀಶ್ ಕೊಪ್ಪ 62377, Padagalive Edeyolage: Devadasiyara Samskratika Pallatagala Kathana ಪದಗಳಿವೆ ಎದೆಯೊಳಗೆ : ದೇವದಾಸಿಯರ ಸಾಂಸ್ಕೃತಿಕ ಪಲ್ಲಟಗಳ ಕಥನ , 2022